[Event "Nuremberg Zabo op 23rd"]
[Site "Nuremberg"]
[Date "2023.09.17"]
[Round "5"]
[White "Vennemann, Juergen"]
[Black "Petzold, Vinzenz"]
[Result "1/2-1/2"]
[WhiteElo "1838"]
[BlackElo "2035"]
[PlyCount "49"]
[EventDate "2023.09.15"]
[EventType "swiss"]
[EventRounds "5"]
[EventCountry "GER"]
[SourceTitle "EXT 2024"]
[Source "ChessBase"]
[SourceDate "2023.10.10"]
[SourceVersion "1"]
[SourceVersionDate "2023.10.10"]
[SourceQuality "1"]

1. e4 c5 2. Nf3 e6 3. d3 d5 4. Nbd2 Nc6 5. c3 Bd6 6. Be2 Nge7 7. 0-0 0-0 8. Re1 Ng6 9. Qc2 Qc7 10. b3 b6 11. Bb2 Bb7 12. Rac1 Rac8 13. Qb1 Qb8 14. exd5 exd5 15. d4 cxd4 16. cxd4 Rfe8 17. h4 h6 18. Bd3 Nf8 19. Bb5 Rxe1+ 20. Rxe1 a6 21. Bd3 Re8 22. Nf1 Nb4 23. Bf5 Rxe1 24. Nxe1 Bc8 25. Bxc8 1/2-1/2

[Event "Nuremberg Zabo op 23rd"]
[Site "Nuremberg"]
[Date "2023.09.16"]
[Round "2"]
[White "Vennemann, Juergen"]
[Black "Kovermann, Peter"]
[Result "1-0"]
[WhiteElo "1838"]
[BlackElo "2013"]
[PlyCount "73"]
[EventDate "2023.09.15"]
[EventType "swiss"]
[EventRounds "5"]
[EventCountry "GER"]
[SourceTitle "EXT 2024"]
[Source "ChessBase"]
[SourceDate "2023.10.10"]
[SourceVersion "1"]
[SourceVersionDate "2023.10.10"]
[SourceQuality "1"]

1. e4 e6 2. d3 d5 3. Nd2 Nf6 4. Ngf3 b6 5. c3 Bb7 6. Qc2 Be7 7. b4 0-0 8. e5 Nfd7 9. d4 Re8 10. h4 f6 11. Ng5 Nf8 12. Ngf3 c5 13. Bb5 Bc6 14. Bxc6 Nxc6 15. b5 Na5 16. Qd3 Qd7 17. a4 Ng6 18. Qe3 a6 19. h5 Nf8 20. h6 g6 21. exf6 Bxf6 22. Ne5 Qc7 23. f4 Nc4 24. Ndxc4 dxc4 25. Rb1 axb5 26. axb5 Nd7 27. 0-0 cxd4 28. cxd4 Ra2 29. Qe4 Qd6 30. Be3 Bxe5 31. fxe5 Qd5 32. Qxd5 exd5 33. Bg5 Nxe5 34. Rbe1 c3 35. Rxe5 Rxe5 36. dxe5 Re2 37. Be7 1-0

[Event "Nuremberg Zabo op 23rd"]
[Site "Nuremberg"]
[Date "2023.09.15"]
[Round "1"]
[White "Feldheim, Jonas"]
[Black "Vennemann, Juergen"]
[Result "1/2-1/2"]
[WhiteElo "2080"]
[BlackElo "1838"]
[PlyCount "95"]
[EventDate "2023.09.15"]
[EventType "swiss"]
[EventRounds "5"]
[EventCountry "GER"]
[SourceTitle "EXT 2024"]
[Source "ChessBase"]
[SourceDate "2023.10.10"]
[SourceVersion "1"]
[SourceVersionDate "2023.10.10"]
[SourceQuality "1"]

1. e4 d6 2. d4 Nf6 3. Nc3 e5 4. dxe5 dxe5 5. Qxd8+ Kxd8 6. Bc4 Be6 7. Bxe6 fxe6 8. f3 c6 9. Nh3 h6 10. Nf2 Bb4 11. Bd2 Nbd7 12. a3 Ba5 13. Rd1 Ke7 14. Ke2 b5 15. Na2 Bxd2 16. Rxd2 c5 17. c4 bxc4 18. Rc1 Nb6 19. Nd1 Rhd8 20. Rxd8 Rxd8 21. Ne3 Rd4 22. Nc3 a6 23. Nb1 Ne8 24. Nd2 Nd6 25. Nc2 Rd3 26. Nxc4 Rb3 27. Na1 Rb5 28. Nxb6 Rxb2+ 29. Kd3 Rxb6 30. Rxc5 Rb1 31. Nc2 Rb3+ 32. Rc3 Rb1 33. Rc7+ Kf6 34. Rc6 Rb3+ 35. Kd2 Ke7 36. Rxa6 Nc4+ 37. Ke2 Rc3 38. Nb4 Nxa3 39. Nc6+ Kf6 40. Nd8 Ke7 41. Nxe6 Rc2+ 42. Kd3 Rxg2 43. Nc5 Nc2 44. Re6+ Kf7 45. Rxe5 Ne1+ 46. Ke3 Nc2+ 47. Kd3 Ne1+ 48. Ke3 1/2-1/2

[Event "Bodenmais op"]
[Site "Bodenmais"]
[Date "2022.07.31"]
[Round "2"]
[White "Loeffler, Markus"]
[Black "Vennemann, Juergen"]
[Result "1-0"]
[WhiteElo "2278"]
[BlackElo "1914"]
[PlyCount "75"]
[EventDate "2022.07.30"]
[EventType "swiss"]
[EventRounds "9"]
[EventCountry "GER"]
[SourceTitle "CBM 209 Extra"]
[Source "ChessBase"]
[SourceDate "2022.09.30"]
[SourceVersion "1"]
[SourceVersionDate "2022.09.30"]
[SourceQuality "1"]

1. e4 d6 2. d4 Nf6 3. Nc3 e5 4. Nf3 Nbd7 5. Bc4 Be7 6. a4 c6 7. 0-0 Qc7 8. Re1 0-0 9. h3 b6 10. Be3 Bb7 11. Ba2 Rac8 12. Nh4 Rfe8 13. Nf5 Bf8 14. Qf3 exd4 15. Bxd4 Ne5 16. Qg3 Kh8 17. f4 Ng6 18. Bxf6 gxf6 19. Kh1 Rcd8 20. Rf1 Bc8 21. Rad1 d5 22. Nh4 d4 23. Nb1 Rxe4 24. Nd2 Re3 25. Qf2 Rde8 26. f5 Re2 27. Qxd4 Nxh4 28. Qxf6+ Bg7 29. Qxh4 Qe5 30. f6 Bf8 31. Bxf7 Rd8 32. Nf3 Rxd1 33. Rxd1 Qc7 34. Ng5 h6 35. Bc4 Re5 36. Nf7+ Kh7 37. Nxe5 Qxe5 38. Bd3+ 1-0

[Event "Arber op 8th"]
[Site "Bodenmais"]
[Date "2019.08.04"]
[Round "9"]
[White "Gruettner, Ralf"]
[Black "Vennemann, Juergen"]
[Result "1-0"]
[WhiteElo "2118"]
[BlackElo "1925"]
[PlyCount "81"]
[EventDate "2019.07.27"]
[EventType "swiss"]
[EventRounds "9"]
[EventCountry "GER"]
[SourceTitle "CBM 191 Extra"]
[Source "ChessBase"]
[SourceDate "2019.09.30"]
[SourceVersion "1"]
[SourceVersionDate "2019.09.30"]
[SourceQuality "1"]

1. e4 c6 2. d4 d5 3. exd5 cxd5 4. c4 Nf6 5. Nc3 Nc6 6. Bg5 Be6 7. Nf3 g6 8. Bxf6 exf6 9. c5 Bg7 10. Bb5 0-0 11. h3 Re8 12. 0-0 g5 13. Nh2 f5 14. Bxc6 bxc6 15. b4 Qf6 16. Nf3 Qg6 17. Re1 Bd7 18. Qd2 h6 19. Rxe8+ Rxe8 20. Re1 Re4 21. Nxe4 fxe4 22. Ne5 Bxe5 23. dxe5 Qf5 24. Qd4 Kf8 25. Re3 a6 26. Ra3 Bc8 27. Re3 Ke7 28. a4 Ke6 29. f3 Qxe5 30. Qxe5+ Kxe5 31. fxe4 dxe4 32. Rb3 Kd4 33. Rb1 e3 34. b5 axb5 35. axb5 cxb5 36. Rxb5 Kc3 37. c6 Ba6 38. Ra5 e2 39. Kf2 Kd2 40. Re5 f6 41. Re7 1-0

[Event "Mittelfranken-ch QT 60th"]
[Site "Buechenbach/Roth"]
[Date "2011.04.22"]
[Round "7"]
[White "Siegl, Adrian"]
[Black "Vennemann, Juergen"]
[Result "0-1"]
[WhiteElo "1392"]
[BlackElo "1808"]
[PlyCount "148"]
[EventDate "2011.04.20"]
[EventType "swiss"]
[EventRounds "7"]
[EventCountry "GER"]
[SourceTitle "CBM 142 Extra"]
[Source "ChessBase"]
[SourceDate "2011.06.27"]
[SourceVersion "1"]
[SourceVersionDate "2011.06.27"]
[SourceQuality "1"]

1. e4 c6 2. d4 d5 3. e5 Bf5 4. Nf3 e6 5. Nbd2 c5 6. c3 Nc6 7. Bb5 Qb6 8. Bxc6+ bxc6 9. 0-0 Bg4 10. h3 Bh5 11. Nb3 cxd4 12. cxd4 Bxf3 13. Qxf3 c5 14. Qd1 c4 15. Nd2 Ne7 16. Nf3 Nc6 17. Rb1 Be7 18. b3 0-0 19. Bg5 Bxg5 20. bxc4 Qd8 21. cxd5 exd5 22. Qa4 Rc8 23. Rfe1 Be7 24. Re2 Qa5 25. Qxa5 Nxa5 26. Rb5 Nc6 27. Rxd5 Rfd8 28. Rxd8+ Rxd8 29. Rd2 Rd5 30. Kh2 Bd8 31. Rd3 Bb6 32. Rc3 Nxd4 33. Rc8+ Bd8 34. Ra8 Nxf3+ 35. gxf3 a5 36. Kg3 Kf8 37. Kf4 Ke7 38. Ke4 Rc5 39. Ra7+ Bc7 40. Kd4 Rc2 41. f4 Ke6 42. Ke4 Rc4+ 43. Kf3 Kf5 44. Kg3 h5 45. h4 Rc3+ 46. f3 Rc2 47. a3 f6 48. Rb7 fxe5 49. Rb5 Kf6 50. fxe5+ Bxe5+ 51. f4 Rc3+ 52. Kf2 Bd4+ 53. Ke2 Rxa3 54. Rxh5 a4 55. Ra5 Re3+ 56. Kd1 a3 57. Ra6+ Kf5 58. Ra4 Ke4 59. f5 Kd3 60. Rxa3+ Bc3 61. Rxc3+ Kxc3 62. f6 gxf6 63. h5 Kd3 64. h6 Rh3 65. Ke1 Rxh6 66. Kf2 Rh3 67. Kg2 Re3 68. Kf2 Ke4 69. Kg2 Rf3 70. Kg1 Kf4 71. Kg2 Kg4 72. Kh1 Rf2 73. Kg1 Kg3 74. Kh1 Rf1# 0-1

[Event "Mittelfranken-ch HT 57th"]
[Site "Bechhofen"]
[Date "2008.03.21"]
[Round "8.8"]
[White "Vennemann, Juergen"]
[Black "Bildt, Thomas"]
[Result "0-1"]
[WhiteElo "1889"]
[BlackElo "2020"]
[PlyCount "77"]
[EventDate "2008.03.18"]
[EventType "swiss"]
[EventRounds "9"]
[EventCountry "GER"]
[SourceTitle "EXT 2011"]
[Source "ChessBase"]
[SourceDate "2010.11.26"]
[SourceVersion "1"]
[SourceVersionDate "2010.11.26"]
[SourceQuality "1"]

1. d4 d5 2. c4 c6 3. cxd5 cxd5 4. Nf3 Nf6 5. Nc3 Qb6 6. Bf4 Nc6 7. Rc1 e6 8. Na4 Qa5+ 9. Bd2 Bb4 10. Rc5 Bxd2+ 11. Nxd2 Qb4 12. e3 Ne4 13. a3 Qxd2+ 14. Qxd2 Nxd2 15. Kxd2 Bd7 16. b3 b6 17. Rc2 Na5 18. Kc3 Rc8+ 19. Kb2 Rxc2+ 20. Kxc2 Bxa4 21. bxa4 Ke7 22. Bd3 Rc8+ 23. Kb2 Nc4+ 24. Kb3 a6 25. Rc1 Kd6 26. Bxc4 b5 27. axb5 axb5 28. Kb4 bxc4 29. Ra1 Rb8+ 30. Kc3 Kc6 31. h4 Rb3+ 32. Kc2 h5 33. Ra2 Kb5 34. Rb2 Rxb2+ 35. Kxb2 Ka4 36. e4 f6 37. exd5 exd5 38. f3 f5 39. f4 0-1

[Event "Mittelfranken-ch HT 57th"]
[Site "Bechhofen"]
[Date "2008.03.20"]
[Round "5.6"]
[White "Vennemann, Juergen"]
[Black "Boese, Klaus"]
[Result "1-0"]
[WhiteElo "1889"]
[BlackElo "1963"]
[PlyCount "55"]
[EventDate "2008.03.18"]
[EventType "swiss"]
[EventRounds "9"]
[EventCountry "GER"]
[SourceTitle "EXT 2011"]
[Source "ChessBase"]
[SourceDate "2010.11.26"]
[SourceVersion "1"]
[SourceVersionDate "2010.11.26"]
[SourceQuality "1"]

1. d4 Nf6 2. c4 c6 3. Nc3 d5 4. cxd5 cxd5 5. Nf3 Nc6 6. Bf4 Qb6 7. Rc1 Qxb2 8. e3 a6 9. Bd3 e6 10. 0-0 Bb4 11. Na4 Qa3 12. Nb6 Ba5 13. Nxa8 Qe7 14. Qa4 Qd8 15. Rxc6 bxc6 16. Qxc6+ Bd7 17. Nc7+ Bxc7 18. Qxc7 Qxc7 19. Bxc7 0-0 20. Rb1 Rc8 21. Rb8 Ne8 22. Rxc8 Bxc8 23. Ba5 f6 24. Nd2 Nd6 25. Nb3 Kf7 26. Nc5 Nc4 27. Bxc4 dxc4 28. Kf1 1-0

[Event "Mittelfranken-ch HT 55th"]
[Site "Postbauer"]
[Date "2006.04.14"]
[Round "7.13"]
[White "Kurz, Christian"]
[Black "Vennemann, Juergen"]
[Result "1/2-1/2"]
[WhiteElo "1867"]
[BlackElo "1742"]
[PlyCount "135"]
[EventDate "2006.04.11"]
[EventType "swiss"]
[EventRounds "9"]
[EventCountry "GER"]
[SourceTitle "EXT 2011"]
[Source "ChessBase"]
[SourceDate "2010.11.26"]
[SourceVersion "1"]
[SourceVersionDate "2010.11.26"]
[SourceQuality "1"]

1. Nf3 d5 2. d4 Nf6 3. c4 c6 4. Nc3 e6 5. e3 Nbd7 6. Qc2 a6 7. cxd5 cxd5 8. Bd3 Bd6 9. 0-0 0-0 10. b3 b6 11. e4 dxe4 12. Nxe4 Qc7 13. Nxd6 Qxd6 14. Bg5 Bb7 15. Qe2 Ng4 16. Ne5 Ngxe5 17. dxe5 Qxe5 18. Be3 Rfd8 19. Rfd1 b5 20. Qg4 Nf6 21. Qe2 Nd5 22. Bd4 Qxe2 23. Bxe2 Rac8 24. Bf3 f6 25. Rac1 Rxc1 26. Rxc1 Nf4 27. Be3 Nd3 28. Rd1 Bxf3 29. gxf3 Rd7 30. f4 Rd5 31. a3 Nxf4 32. Re1 Nd3 33. Rd1 Kf7 34. Kf1 Ne5 35. Rc1 Rd3 36. Rb1 Ng4 37. Ke2 Rd5 38. Rc1 Nxe3 39. Kxe3 Rd6 40. h4 e5 41. h5 f5 42. Rc7+ Kf6 43. Ra7 h6 44. Ra8 Rc6 45. Kd3 e4+ 46. Kd4 Rc2 47. Rxa6+ Kg5 48. Rg6+ Kf4 49. Rxg7 Rxf2 50. Rg6 e3 51. Rxh6 e2 52. Re6 Kf3 53. Kd3 f4 54. h6 Rh2 55. Kd2 Rh1 56. Rxe2 Rxh6 57. Re8 Rd6+ 58. Kc3 Kg2 59. Rg8+ Kf2 60. Rf8 f3 61. Kb4 Rd5 62. a4 bxa4 63. bxa4 Ke2 64. a5 f2 65. a6 f1Q 66. Rxf1 Kxf1 67. a7 Rd8 68. Kb5 1/2-1/2

[Event "Mittelfranken-ch HT 55th"]
[Site "Postbauer"]
[Date "2006.04.11"]
[Round "1.13"]
[White "Woerl, Richard"]
[Black "Vennemann, Juergen"]
[Result "1-0"]
[WhiteElo "1961"]
[BlackElo "1742"]
[PlyCount "71"]
[EventDate "2006.04.11"]
[EventType "swiss"]
[EventRounds "9"]
[EventCountry "GER"]
[SourceTitle "EXT 2011"]
[Source "ChessBase"]
[SourceDate "2010.11.26"]
[SourceVersion "1"]
[SourceVersionDate "2010.11.26"]
[SourceQuality "1"]

1. e4 c6 2. d4 d5 3. exd5 cxd5 4. Bd3 Nf6 5. Ne2 Nc6 6. c3 Bg4 7. f3 Bh5 8. 0-0 e6 9. Bf4 Bg6 10. Bg3 Bxd3 11. Qxd3 Nh5 12. f4 g6 13. Nd2 Nxg3 14. hxg3 h5 15. Nf3 Ne7 16. Ne5 a6 17. Kf2 Nf5 18. Rh1 Bg7 19. g4 Nd6 20. gxh5 Ne4+ 21. Kg1 Qf6 22. Rf1 Qf5 23. g4 Qf6 24. Ng3 Nxg3 25. Qxg3 gxh5 26. Rxh5 Rxh5 27. gxh5 0-0-0 28. Qg5 Qxg5+ 29. fxg5 Bxe5 30. dxe5 Rg8 31. g6 fxg6 32. h6 g5 33. Rf7 Rg6 34. h7 Rh6 35. Rf8+ Kd7 36. h8Q 1-0

[Event "Seebach op 16th"]
[Site "Grossenseebach"]
[Date "2005.05.28"]
[Round "6"]
[White "Hollfelder, Gerhard"]
[Black "Vennemann, Juergen"]
[Result "1-0"]
[WhiteElo "1580"]
[BlackElo "1769"]
[PlyCount "105"]
[EventDate "2005.05.26"]
[EventType "swiss"]
[EventRounds "7"]
[EventCountry "GER"]
[SourceTitle "EXT 2018"]
[Source "ChessBase"]
[SourceDate "2017.10.13"]
[SourceVersion "1"]
[SourceVersionDate "2017.10.13"]
[SourceQuality "1"]

1. e4 c6 2. d4 d5 3. Nd2 dxe4 4. Nxe4 Nf6 5. Nxf6+ gxf6 6. Be3 Bf5 7. Bd3 Bg6 8. Bxg6 hxg6 9. Qd2 e6 10. 0-0-0 Qc7 11. Nf3 Nd7 12. h3 0-0-0 13. Qe2 Rh5 14. Nd2 Ra5 15. Kb1 f5 16. Nb3 Ra6 17. Bd2 Bg7 18. g3 f6 19. Qxe6 c5 20. Qc4 cxd4 21. Qxc7+ Kxc7 22. Bf4+ Kc8 23. Rxd4 Re8 24. Rhd1 Nf8 25. Na5 b5 26. Nb3 Rc6 27. Rd5 Ne6 28. Be3 a6 29. Na5 Rc7 30. Bb6 Rce7 31. Nc6 Rf7 32. Ba5 Kb7 33. Nd4 Nxd4 34. R5xd4 Re2 35. Rd7+ Rxd7 36. Rxd7+ Kc6 37. Rxg7 Rxf2 38. b3 g5 39. Rg6 Rf3 40. Rxf6+ Kd5 41. Bc7 a5 42. Rg6 b4 43. Rxg5 a4 44. Bf4 Rf1+ 45. Bc1 a3 46. h4 Kd4 47. Rg8 Rg1 48. Rg5 Rf1 49. h5 Kc3 50. Rg6 Rg1 51. h6 f4 52. Rc6+ Kd4 53. gxf4 1-0

[Event "Seebach op 16th"]
[Site "Grossenseebach"]
[Date "2005.05.26"]
[Round "2"]
[White "Bildt, Thomas"]
[Black "Vennemann, Juergen"]
[Result "1/2-1/2"]
[WhiteElo "2092"]
[BlackElo "1769"]
[PlyCount "94"]
[EventDate "2005.05.26"]
[EventType "swiss"]
[EventRounds "7"]
[EventCountry "GER"]
[SourceTitle "EXT 2018"]
[Source "ChessBase"]
[SourceDate "2017.10.13"]
[SourceVersion "1"]
[SourceVersionDate "2017.10.13"]
[SourceQuality "1"]

1. e4 c6 2. d4 d5 3. Nc3 dxe4 4. Nxe4 Nf6 5. Nxf6+ gxf6 6. f4 Bf5 7. Nf3 e6 8. Bd3 Nd7 9. Bxf5 Qa5+ 10. c3 Qxf5 11. Be3 0-0-0 12. Qe2 Rg8 13. 0-0-0 Nb6 14. c4 Qe4 15. Rhe1 Bb4 16. c5 Nd5 17. Bd2 Qxe2 18. Rxe2 Bxd2+ 19. Rexd2 Nxf4 20. g3 Nd5 21. Rf2 Rg4 22. Rd3 Kc7 23. a3 Ne7 24. Nh4 f5 25. Nf3 f4 26. Ne5 fxg3 27. Rxf7 gxh2 28. Rxe7+ Kc8 29. Rxh7 Rg1+ 30. Kc2 h1Q 31. Rxh1 Rxh1 32. Nc4 Kc7 33. b4 Rh2+ 34. Nd2 Rf8 35. a4 Rff2 36. Kc3 a6 37. Nc4 Ra2 38. Kb3 Kd7 39. Re3 Rae2 40. Rg3 Ke7 41. a5 Kf6 42. Nd6 Rb2+ 43. Kc4 Rhc2+ 44. Rc3 Rxc3+ 45. Kxc3 Rh2 46. Nxb7 Rh8 47. Nd6 Ke7 1/2-1/2

[Event "Seebach op 15th"]
[Site "Grossenseebach"]
[Date "2004.06.17"]
[Round "1"]
[White "Dreiseitel, Werner"]
[Black "Vennemann, Juergen"]
[Result "0-1"]
[WhiteElo "1249"]
[BlackElo "1827"]
[PlyCount "98"]
[EventDate "2004.06.17"]
[EventType "swiss"]
[EventRounds "7"]
[EventCountry "GER"]
[SourceTitle "EXT 2018"]
[Source "ChessBase"]
[SourceDate "2017.10.13"]
[SourceVersion "1"]
[SourceVersionDate "2017.10.13"]
[SourceQuality "1"]

1. d4 d5 2. Nf3 Nf6 3. e3 c6 4. Nbd2 e6 5. c3 Bd6 6. Bd3 0-0 7. 0-0 Nbd7 8. e4 e5 9. dxe5 Nxe5 10. Nxe5 Bxe5 11. exd5 Qxd5 12. Qc2 Re8 13. Nf3 Bg4 14. Nxe5 Rxe5 15. Bf4 Rh5 16. f3 Bf5 17. Bxf5 Rxf5 18. Be3 Qe6 19. Bd4 Nd5 20. Rfe1 Qd7 21. Re4 Rg5 22. Rae1 f5 23. Re5 b6 24. c4 Nf4 25. Be3 Rxg2+ 26. Qxg2 Nxg2 27. Kxg2 Re8 28. Rxe8+ Qxe8 29. Kf2 Qe5 30. b3 Qxh2+ 31. Kf1 Qxa2 32. Bd4 Qxb3 33. Bf2 Qxc4+ 34. Kg2 c5 35. Re8+ Kf7 36. Re1 a5 37. Rf1 a4 38. Re1 a3 39. Rf1 Qxf1+ 40. Kxf1 a2 41. Kg2 a1Q 42. Bxc5 bxc5 43. f4 Qc3 44. Kf2 Kg6 45. Ke2 Kh5 46. Kd1 Qb2 47. Ke1 Kg4 48. Kd1 Kf3 49. Ke1 Qc1# 0-1

[Event "Pyramiden Franken Cup 3rd"]
[Site "Fuerth"]
[Date "2000.08.26"]
[Round "8"]
[White "Bayer, Marius"]
[Black "Vennemann, Juergen"]
[Result "0-1"]
[WhiteElo "1317"]
[BlackElo "1797"]
[PlyCount "92"]
[EventDate "2000.08.19"]
[EventType "swiss"]
[EventRounds "9"]
[EventCountry "GER"]
[SourceTitle "EXT 2010"]
[Source "ChessBase"]
[SourceDate "2010.11.25"]
[SourceVersion "1"]
[SourceVersionDate "2010.11.25"]
[SourceQuality "1"]

1. e4 c6 2. d4 d5 3. Nc3 dxe4 4. Nxe4 Nf6 5. Nxf6+ gxf6 6. Bf4 Bf5 7. c3 e6 8. Bd3 Bg6 9. Qe2 Bd6 10. Bxd6 Qxd6 11. Bxg6 hxg6 12. Nf3 Nd7 13. 0-0-0 0-0-0 14. h3 Rh5 15. Nd2 Qd5 16. g4 Rh7 17. Kb1 Rdh8 18. Qf1 g5 19. f3 f5 20. Qg2 Kb8 21. Nb3 b6 22. Nc1 Nf8 23. Ne2 Ng6 24. Qh2+ Kb7 25. Ng1 Nf4 26. Qg3 fxg4 27. Re1 Qf5+ 28. Ka1 gxf3 29. Qxf3 Nxh3 30. Rxh3 Rxh3 31. Qxf5 exf5 32. Nxh3 Rxh3 33. Kb1 g4 34. Kc2 Rh2+ 35. Kd3 Rxb2 36. Re7+ Ka6 37. Rxf7 Rf2 38. Ke3 g3 39. Rg7 f4+ 40. Ke4 g2 41. c4 f3 42. d5 cxd5+ 43. cxd5 Rf1 44. d6 g1Q 45. d7 Qxg7 46. d8Q Qe7+ 0-1